Super Smash Bros. Fighters #40 - The Olimar Quiz - Statistics

General Stats
  • This quiz has been taken 117 times
  • The average score is 6 of 12
Answer Stats
Question Answer % Correct
How many children does Olimar have? 2
89%
Who does Olimar share a character slot with in Super Smash Bros. for 3DS and onwards? Alph
88%
In said company, what rank is Olimar given? Captain
67%
Olimar can be classified as an obligate anaerobe, which means that what substance is toxic to him? Oxygen
65%
In Pikmin 2, Olimar is sent back to the Pikmin's planet. Who initially accompanies him on this journey? Louie
64%
What company does Olimar work for? Hocotate Freight
53%
What is the name of Olimar's personal ship? S.S. Dolphin
53%
At the end of Pikmin, Olimar brings back a present for his son. What does he bring? Bottle Cap
34%
In Pikmin 3, Olimar is held captive in the Formidable Oak. Who captured him? Plasm Wraith
33%
In what game was Olimar, alongside many other Nintendo characters, planned to appear in a coffee shop? Mario & Luigi: Superstar Saga
26%
How tall is Olimar? (To 2 decimal points) 1.9cm / 0.75in
13%
Who is Olimar’s voice actor and Pikmin 2's sound director? Kazumi Totaka
12%
No matching quizzes found
Score Distribution
Percent of People with Each Score
Percentile by Number Answered
Your Score History
You have not taken this quiz